00414nam a22001457a 450000500170000000800410001702200130005804100230007108200120009410000230010624500310012926000520016030000300021265000260024220240723133505.0240723b |||||||| |||| 00| 0 eng d a00382396 aEnglish/Afrikaans  a349 SOU lEnglish/Afrikaans  aSouth African Law Reports  aCape Town: bJuta and Company (Pty) Ltd, c2020 bxli, 661 pages; c26 cm.  aLegal practice bLaw